000 01118na a2200301 4500
001 24196
003 MIRAKIL
005 20181226104236.0
008 181005b tu 000 0
020 _a9786058596856
041 _atur
082 _a700.9561
_bS25 2017
090 _a700.9561 S25 2017
111 _aTürkiye sanat çalıştayı
_cSeferihisar- İzmir
_d11 Ağustos 2016
245 _aSanat ve Türkiye'de sanatın durumu
_cEditör Onur Bilge Kula
260 _aAnkara
_bCumhuriyet Halk Partisi
_c2017
_fİşkur matbaacılık
300 _a165 s.
_c21 sm.
440 _aCumhuriyet Halk Partisi yayınları
_n05
505 _aTürkiye sanat çalıştayı; Halk müziği çalıştayı; Edebiyat dünyası toplantısı; Ankara sanat buluşması; Plastik sanatçılar toplantısı;
650 _aPlastik sanatlar
_xToplantılar, 2017
650 _aEdebiyat
_xToplantılar, 2016
650 _aHalk Müziği
_xToplantılar, 2016
650 _aTürkiye
_xSanat
_yToplantılar, 2016
700 _aKula, Onur Bilge
830 _aCHP yayınları
942 _2ddc
_cBKS
040 _aMilas
_btur
_cTR-AnCHP
999 _c11884
_d11884